Statistisk ársbok för Sverige 1987 Árg.73

Enregistré dans:
Détails bibliographiques
Format: Livre
Langue:suédois
Publié: Stockholm Statitiska Centralbyrán 1986
Édition:1. ed.
Tags: Ajouter un tag
Pas de tags, Soyez le premier à ajouter un tag!

MARC

LEADER 00000nam a2200000 4500
001 c026926
005 20221220072918.6
041 0 |a swe 
044 |a SE 
245 1 0 |a Statistisk ársbok för Sverige 1987  |b Árg.73 
250 |a 1. ed. 
264 1 |a Stockholm  |b Statitiska Centralbyrán  |c 1986 
300 |a 563 s.